Ιστοριογραφία της νεότερης και σύγχρονης Ελλάδας : 1833-2002 : πρακτικά : Δ' Διεθνές Συνέδριο Ιστορίας = Historiography of modern and contemporary Greece : 1833-2002 : proceedings : IV International Congress of History

Αποθηκεύτηκε σε:
Λεπτομέρειες βιβλιογραφικής εγγραφής
Συλλογικό Έργο: Διεθνές Συνέδριο Ιστορίας Αθήνα, Εθνικό Ίδρυμα Ερευνών / Κέντρο Νεοελληνικών Ερευνών
Άλλοι συγγραφείς: Κιτρομηλίδης, Πασχάλης Μ. (Επιμελητής έκδοσης), Σκλαβενίτης, Τριαντάφυλλος Ε. 1948- (Επιμελητής έκδοσης)
Μορφή: Πρακτικό Συνεδρίου Βιβλίο
Γλώσσα:Greek
English
French
Δημοσίευση: Αθήνα : Κέντρο Νεοελληνικών Ερευνών Εθνικού Ιδρύματος Ερευνών, 2004
Θέματα:
Ετικέτες: Προσθήκη ετικέτας
Δεν υπάρχουν, Καταχωρήστε ετικέτα πρώτοι!

MARC

LEADER 00000nam a2200000 i 4500
001 1/45366
008 070601s2004 gre d
020 |a 960-7916-39-5 (set) 
020 |a 960-7916-37-9 (τ.Α) 
020 |a 960-7916-38-7 (τ.Β) 
035 |l 10088100 
040 |a GR-MY-UA  |b gre  |e aacr 
041 0 |a gre  |a eng  |a fre 
082 0 |a 938  |2 (22) 
111 2 |a Διεθνές Συνέδριο Ιστορίας  |n (4ο:  |d 2004:  |c Αθήνα) 
245 1 0 |a Ιστοριογραφία της νεότερης και σύγχρονης Ελλάδας :  |b 1833-2002 : πρακτικά : Δ' Διεθνές Συνέδριο Ιστορίας = Historiography of modern and contemporary Greece : 1833-2002 : proceedings : IV International Congress of History 
246 3 3 |a Δ' Διεθνές Συνέδριο Ιστορίας 
260 |a Αθήνα :   |b Κέντρο Νεοελληνικών Ερευνών Εθνικού Ιδρύματος Ερευνών,   |c 2004 
300 |a 2τ.;  |c 24 εκ. 
650 0 0 |a Historiography  |z Greece  |x Congresses. 
651 0 |a Greece  |x Historiography  |x Congresses. 
700 1 |a Κιτρομηλίδης, Πασχάλης Μ.  |4 edt 
700 1 |a Σκλαβενίτης, Τριαντάφυλλος Ε.  |d 1948-  |4 edt 
710 2 |a Εθνικό Ίδρυμα Ερευνών / Κέντρο Νεοελληνικών Ερευνών. 
852 |a INST  |b LESVOS  |e 20070601  |h 938 ΚΕΝ  |p 005100038292  |q 005100038292  |t BK  |y 0  |z τ.Β 
852 |a INST  |b LESVOS  |e 20080311  |h 938 ΚΕΝ  |p 005100039355  |q 005100039355  |t BK  |y 0  |z τ.Α 
852 |a INST  |b LESVOS  |e 20080311  |h 938 ΚΕΝ  |p 005100039356  |q 005100039356  |t BK  |y 0  |z τ.Β 
852 |a INST  |b LESVOS  |e 20071005  |h 938 ΚΕΝ  |p 005100041022  |q 005100041022  |t BK  |y 0  |z τ.Α 
852 |a INST  |b LESVOS  |e 20071005  |h 938 ΚΕΝ  |p 005100041023  |q 005100041023  |t BK  |y 0  |z τ.Β 
852 |a INST  |b LESVOS  |e 20070601  |h 938 ΚΕΝ  |p 005100038292  |q 005100038292  |t BK  |v τ.Β:  |y 0  |z τ.Β 
852 |a INST  |b LESVOS  |e 20080311  |h 938 ΚΕΝ  |p 005100039355  |q 005100039355  |t BK  |v τ.Α:  |y 0  |z τ.Α 
852 |a INST  |b LESVOS  |e 20080311  |h 938 ΚΕΝ  |p 005100039356  |q 005100039356  |t BK  |v τ.Β:  |y 0  |z τ.Β 
852 |a INST  |b LESVOS  |e 20071005  |h 938 ΚΕΝ  |p 005100041022  |q 005100041022  |t BK  |v τ.Α:  |y 0  |z τ.Α 
852 |a INST  |b LESVOS  |e 20071005  |h 938 ΚΕΝ  |p 005100041023  |q 005100041023  |t BK  |v τ.Β:  |y 0  |z τ.Β 
853 |a INST  |b LESVOS  |h 938 ΚΕΝ 
901 |a BIBL1-2007-2 
901 |a BIBL1-2007-3 
901 |a BIBL1-2008-1 
909 |a Λ  |b 132886 
909 |a Λ  |b 139078 
909 |a Λ  |b 138773 
909 |a Λ  |b 141748 
909 |a Λ  |b 141749 
920 |a ΕΞΕΡΤΖΟΓΛΟΥ  |b ΧΑΡΗΣ  |y ΛΕΣΒΟΣ  |z 2007-06 
922 |a 1ΕΛΗ  |b 200708  |c ΕΠΕΑΕΚ2/ΤΚΑ  |d Σ. ΠΑΤΑΚΗΣ 
922 |a 1ΕΛΗ  |b 200711  |c ΕΠΕΑΕΚ2/ΤΚΑ  |d Σ. ΠΑΤΑΚΗΣ 
970 |a ΒΑΡΚΑ  |b ΕΛΕΥΘΕΡΙΑ  |z 2007/06/01